000 01423cab a2200361 4500
001 ABS45841
008 090401t1992 xxu||||| |||| 00| 0 eng d
035 _a(Sirsi) u55377
041 _aeng
100 _aLevine, D.
245 _aHealth and safety at work: the statutory framework in construction matters
260 _c1992
350 _a0
490 _aConstruction Law Journal
_v8(1) 1992, 10-24(5)
520 _aOutlines the legislation and regulations which affect health and safety on building sites including a review of European directives.
650 _aBUILDING SITES
650 _aCONSTRUCTION (GENERAL PROVISIONS) ACT 1961
650 _aCONSTRUCTION (HEAD PROTECTION) REGULATIONS 1989
650 _aCONSTRUCTION (HEALTH AND WELFARE) REGULATIONS 1966
650 _aCONSTRUCTION (LIFTING OPERATIONS) REGULATIONS 1961
650 _aCONSTRUCTION (WORKING PLACES) REGULATIONS 1966
650 _aCONTROL OF POLLUTION ACT 1974
650 _aCONTROL OF SUBSTANCES HAZARDOUS TO HEALTH REGULATIONS 1988
650 _aDANGEROUS SUBSTANCES (NOTIFICATION AND MARKING OF SITES) REGULATIONS 1
650 _aFACTORIES ACT 1961
650 _aFIRE PRECAUTIONS ACT 1971
650 _aHEALTH AND SAFETY AT WORK ETC ACT 1974
650 _aNOISE AT WORK REGULATIONS 1989
650 _aPUBLIC HEALTH ACT 1936
690 _aBUILT ENVIRONMENT-BUILDING STANDARDS
942 _n0
948 _c04/03/1997
999 _c33825
_d33825